La mala vida en la España de Felipe IV : (Record no. 171762)

MARC details
000 -LEADER
campo de control de longitud fija 00986nam a2200253 i 4500
001 - NÚMERO DE CONTROL
campo de control 171762
003 - IDENTIFICADOR DE NÚMERO DE CONTROL
campo de control ES-MaACL
005 - FECHA Y HORA DE LA ÚLTIMA TRANSACCIÓN
campo de control 20250915063102.0
008 - DATOS DE LONGITUD FIJA--INFORMACIÓN GENERAL
campo de control de longitud fija 090528s1948 sp f |||| | spa d
040 ## - FUENTE DE CATALOGACIÓN
Centro/agencia transcriptor ES-MaACL
080 ## - NÚMERO DE LA CLASIFICACIÓN DECIMAL UNIVERSAL
Número de la Clasificación Decimal Universal 308(460)"1621/65"
080 ## - NÚMERO DE LA CLASIFICACIÓN DECIMAL UNIVERSAL
Número de la Clasificación Decimal Universal 39(460)"1625/65"
100 1# - ENTRADA PRINCIPAL--NOMBRE DE PERSONA
Nombre de persona Deleito y Piñuela, José,
Fechas asociadas al nombre 1879-1957
9 (RLIN) 43365
Término indicativo de función/relación Autor
245 13 - MENCIÓN DEL TÍTULO
Título La mala vida en la España de Felipe IV :
Resto del título libertinaje... /
Mención de responsabilidad, etc. José Deleito y Piñuela... ; prólogo del doctor Gregorio Marañón.
260 ## - PUBLICACIÓN, DISTRIBUCIÓN, ETC.
Lugar de publicación, distribución, etc. Madrid :
Nombre del editor, distribuidor, etc. Espasa Calpe,
Fecha de publicación, distribución, etc. 1948.
300 ## - DESCRIPCIÓN FÍSICA
Extensión XI, 251 páginas, 7 hojas de láminas ;
Dimensiones 21 cm.
651 #7 - PUNTO DE ACCESO ADICIONAL DE MATERIA--NOMBRE GEOGRÁFICO
Nombre geográfico España-
Subdivisión general Situación social-
Subdivisión cronológica 1621-1665
9 (RLIN) 167783
651 #4 - PUNTO DE ACCESO ADICIONAL DE MATERIA--NOMBRE GEOGRÁFICO
Nombre geográfico España-
Subdivisión general Usos y costumbres-
Subdivisión cronológica S.XVII
9 (RLIN) 8524
700 1# - ENTRADA AGREGADA--NOMBRE PERSONAL
Nombre de persona Marañón, Gregorio,
Fechas asociadas al nombre 1887-1960
9 (RLIN) 76311
Término indicativo de función/relación Autor de introducción
852 ## - LOCALIZACIÓN
Ubicación ES-MaACL
Número de control de estantería C-35950
itemnumber 178406
Ubicación en estantería Depósito 2
Encuadernación Encuadernación rústica
942 ## - ELEMENTOS DE ENTRADA SECUNDARIOS (KOHA)
Tipo de ítem Koha Libro impreso
Suprimir en OPAC No
Holdings
Estatus retirado Estado de pérdida Estado de daño No para préstamo Biblioteca de origen Biblioteca actual Ubicación en estantería Fecha de adquisición Fuente de adquisición Total de préstamos Signatura topográfica completa Código de barras Visto por última vez Precio de reemplazo Tipo de ítem Koha
        Biblioteca del Ateneo de Madrid Biblioteca del Ateneo de Madrid Depósito 2 28/05/2009     C-35950 1180258 23/02/2023 23/02/2023 Libro impreso